[Event "Backa Topola-ch"]
[Site "Backa Topola"]
[Date "2012.11.28"]
[Round "5"]
[White "Djurica, Milorad"]
[Black "Vranic, Ljubomir"]
[Result "1/2-1/2"]
[WhiteElo "1988"]
[BlackElo "2196"]
[PlyCount "135"]
[EventDate "2012.11.19"]
[EventType "swiss"]
[EventRounds "9"]
[EventCountry "SRB"]
[SourceTitle "EXT 2014"]
[Source "ChessBase"]
[SourceDate "2013.11.20"]
[SourceVersion "1"]
[SourceVersionDate "2013.11.20"]
[SourceQuality "1"]

1. e4 d6 2. Nc3 e5 3. Nf3 Nf6 4. d4 Nbd7 5. Bc4 Be7 6. 0-0 0-0 7. Be3 c6 8. a4 a5 9. h3 Qc7 10. Qe2 h6 11. Rad1 Re8 12. dxe5 dxe5 13. Nd2 Bf8 14. Nb3 Nb6 15. Bd3 Nfd7 16. f4 exf4 17. Bxf4 Ne5 18. Qf2 Nbd7 19. Qg3 Kh8 20. Kh1 Qb6 21. Be3 Qb4 22. Bd2 Nxd3 23. Qxd3 Ne5 24. Qg3 Qe7 25. Nd4 g6 26. b3 Bg7 27. Nce2 b6 28. Rf2 Bb7 29. Rdf1 c5 30. Nb5 Bxe4 31. Nec3 Bc6 32. Bf4 Rad8 33. Re1 g5 34. Be3 Rd7 35. Rfe2 f5 36. Qf2 Qf6 37. Bc1 Rde7 38. Bb2 f4 39. Ne4 Bxe4 40. Rxe4 Qg6 41. Qe2 Nc6 42. Bxg7+ Qxg7 43. Qd3 Re5 44. Rxe5 Rxe5 45. Rd1 Qe7 46. Qg6 Re6 47. Qh5 Kg7 48. Kh2 Ne5 49. Rf1 Qf7 50. Qd1 Qf5 51. Nd6 Qg6 52. Nc4 Nxc4 53. bxc4 Rd6 54. Qa1+ Qf6 55. Qb1 Rd2 56. Rd1 Rd4 57. Rd3 Qd6 58. Qb2 Kf7 59. Kh1 Rxd3 60. cxd3 Qxd3 61. Qxb6 Qxc4 62. Qxa5 Qb4 63. Qc7+ Ke6 64. a5 Qe1+ 65. Kh2 Qg3+ 66. Kh1 Qe1+ 67. Kh2 Qg3+ 68. Kg1 1/2-1/2